01926nam a22003855i 4500999001700000003000900017005001700026008004100043020001800084040004300102041001800145082001900163245020500182246002800387246003900415250004300454264006900497264010000566300002400666336002600690337002800716338002700744490024300771521001701014546007001031650005501101650006101156650006701217653002701284655002101311700002401332700002801356942001201384952014401396 c29026d28997EG-ScBUE20201117114044.0200219s2019 cc f 000 0 chi d a9787561909553 aEG-ScBUEbengerdacEG-ScBUEdEG-ScBUE1 achiaengheng04a495.1bYIN22200a英汉翻译敎程 /c杜玉兰 主编, 熊文华 编著 = YingHan fanyi jiaocheng / Du Yulan zhu bian, Xiong Wenhua bian zhu = English-Chinese translation course / edited by Yulan Du, Wenhua Xiong.31aYingHan fanyi jiaocheng31aEnglish-Chinese translation course a第7版 =bDi 7 ban = seventh edition. 1aBeijing :bBeijing Language and Culture University Press,c2019. 1a北京 :b北京语言文化大学出版社 = Beijing yu yan wen hua da xue chu ban she,c2019. a119 pages ;c24 cm. atextbtxt2rdacontent aunmediatedbn2rdamedia avolumebnc2rdacarrier0 a对外汉语本科系列教材.a语言技能类(二年级) =aDui wai Han yu ben ke xi lie jiao cai. aYu yan ji neng lei (er nian ji) aSeries of textbooks for undergraduate Chinese as a foreign language.aLanguage skills (second grade)3 aFor grade 2. aText in English and Chinese ; translation from original English.  7aEnglish languagexTranslating into Chinese.2BUEsh 7aChinese languagevTextbooks for foreign speakers.2BUEsh 7aChinese languagexStudy and teachingxForeign speakers.2BUEsh bHHUUCCHHcNovember2020 vText book9337281 aDu, Yulan,eeditor.1 aXiong, Wenhua,eeditor. 2ddccBB 00102ddc40708BaccahaMAINbMAINc2NDd2020-11-16ePurchasel1m1o495.1 YINp000050075r2025-07-15 00:00:00s2022-09-18w2020-11-16yBB